01310nam a2200193Ia 4500001059200000002005000592008003700642010001100679530002200690583002600712650006500738650003900803650004900842650005900891700004300950700004300993700003801036700004201074IA_So are wont, development and analyzed the feasibility of carrying out the investment project for the creation of the malting plant in the municipality of Tlaxco, Tlaxcala for the trial of six thousand tons of malt at full capacity, which results obtained show an Internal Rate of Return for the project of 23% and Net Present Value of 96,565,389.00 which indicate that the project is viable, likewise, the investment has a payback period of 5.27 years and a benefit-cost ratio of 1.33. According to the above is determined that the project is economically viable and feasible to develop.ESTUDIO DE FACTIBILIDAD TECNICO-ECONOMICA PARA LA220117s xx 000 0 und d a184513 aDisponible en PDF a1 ej. imp. ; 2 ej. CD 0aCebada cerveceraxIndustria y comerciozMéxicozTlaxcala  0aEntrepreneurshipzMexicozTlaxcala 0aIniciativa empresarialzMéxicozTlaxcala  0aMalting barleyxIndustry and tradezMexicozTlaxcala  aAltamirano Cárdenas, J. Reyes, dir.  aSánchez González, Ricardo, coaut.  aSandoval Romero, Fermín, asesor aSantoyo Cortés, V. Horacio, asesor